|
|
|
|
| LEADER |
01048cam a2200277 7i4500 |
| 001 |
0000078740 |
| 005 |
20230724090000.0 |
| 020 |
|
|
|a 9780323911863 (electronic book)
|
| 090 |
0 |
0 |
|a TA355
|b .K93 2023
|
| 100 |
1 |
|
|a Kumar, Pramod
|
| 245 |
1 |
0 |
|a Damping in fiber reinforced composite materials
|c Pramod Kumar, S. P. Singh, Sumit Sharma.
|
| 264 |
|
|
|a Cambridge, MA:
|b Woodhead Publishing,
|c 2023.
|
| 300 |
|
|
|a 1 online resource (163 pages):
|b illustrations, text file, PDF.
|
| 336 |
|
|
|a text
|2 rdacontent
|
| 337 |
|
|
|a computer
|2 rdamedia
|
| 338 |
|
|
|a online resource
|2 rdacarrier
|
| 490 |
0 |
|
|a Woodhead publishing series in civil and structural engineering
|
| 650 |
|
0 |
|a Damping (Mechanics)
|
| 650 |
|
0 |
|a Fibrous composites
|
| 655 |
|
0 |
|a Electronic books
|
| 700 |
1 |
|
|a Singh, S. P.
|
| 700 |
1 |
|
|a Sharma, Sumit
|
| 856 |
4 |
2 |
|u http://library.unisel.edu.my/web/guest/mylibrary
|
| 997 |
|
|
|a Engineering & Life Sciences, Faculty
|b Engineering, Department
|
| 998 |
|
|
|a Civil Engineering, Degree
|
| 999 |
|
|
|a EBO0020781
|b EBOOK
|c EBOOK
|e Electronic resources
|